10 największych miast II Rzeczpospolitej - Statystyki

Ogólne statystyki
  • Ten quiz został rozwiązany 1 540 razy
  • Średni wynik to 7 z 10
Statystyki odpowiedzi
Populacja Miasto % Poprawnych
1 777 972 Warszawa
100%
774 839 Kraków
98%
535 802 Poznań
91%
724 713 Lwów
86%
682 679 Łódź
85%
545 280 Wilno
83%
339 682 Lublin
66%
350 178 Bydgoszcz
60%
347 576 Brześć
40%
370 919 Grodno
39%
Nie znaleziono quizów pasujących do podanych kryteriów
Rozkład punktacji
Procent ludzi z każdym wynikiem
Percentyl według liczby udzielonych odpowiedzi
Twoja historia wyników
Nie rozwiązałeś tego quizu